000
00208nam a2200097Ia 4500
008
170619s9999 xx 000 0 und d
100
_a
Valkenburg
245
0
_a
NETWORK ANALYSIS
260
_b
Pearson
260
_c
2008
546
_a
ENGLISH
999
_c
18949
_d
18949